Zahraniční politika ČSSR

Na minha lista:
Detalhes bibliográficos
Formato: Livro
Idioma:tcheco
Publicado em: Praha Svoboda 1983
Tags: Adicionar Tag
Sem tags, seja o primeiro a adicionar uma tag!

MARC

LEADER 00000nam a2200000 4500
001 c115327
005 20230105083754.8
041 0 |a cze 
044 |a CZ 
245 1 0 |a Zahraniční politika ČSSR 
264 1 |a Praha  |b Svoboda  |c 1983 
300 |a 238 s.